| 000 | 00479nam a2200205Ia 4500 | ||
|---|---|---|---|
| 003 | 0100 | ||
| 008 | 130303s9999 xx 000 0 und d | ||
| 040 | _cARRUPELIB | ||
| 050 | _aBJ604.P74 1968 | ||
| 100 | _aPrichard, H.A | ||
| 245 | _aMoral obligation and duty and interest | ||
| 245 | _bessays and lectures | ||
| 260 | _aOxford | ||
| 260 | _bOxford University Press | ||
| 260 | _C1968 | ||
| 300 | _axi | ||
| 300 | _b 238p. 21cm. | ||
| 650 | _aETHICS | ||
| 942 | 0 | 0 | _01 |
| 999 |
_c35984 _d35984 |
||